Gaming Quiz

Random Gaming or Pokémon Quiz

Matching: Gen. II Pokémon per Type Quiz Stats

 Plays Quiz not verified by Sporcle

Score 0/8 Timer 02:00
0 Plays Today
% Correct
Ampharos
96.6%
Quilava
92.2%
Bayleef
91.6%
Politoed
88.2%
Ursaring
80.3%
Ariados
77.4%
Unown
75.8%
Donphan
72.3%

You're not logged in!

Compare scores with friends on all Sporcle quizzes.
OR
Log In

Show Comments

Extras

Top Quizzes Today


Score Distribution

Your Account Isn't Verified!

In order to create a playlist on Sporcle, you need to verify the email address you used during registration. Go to your Sporcle Settings to finish the process.

Report this User

Report this user for behavior that violates our Community Guidelines.

Details: